Tres autores neoclásicos: Cadalso, Jovellanos y L. F. Moratín

Salvato in:
Dettagli Bibliografici
Autore principale: Balbín, Rafael María de (Autore)
Natura: Libro
Lingua:spagnolo
Pubblicazione: Madrid Cincel 1981
Serie:Cuadernos de Estudio. Serie Literatura, 12
Soggetti:
Tags: Aggiungi Tag
Nessun Tag, puoi essere il primo ad aggiungerne!!

MARC

LEADER 00000nam a2200000 a 4500
001 UCT7307
003 CL-VaPUC
005 20220427074627.0
008 970117e19810000SP |||||||||||||||||spa|d
999 |c 255937  |d 255935 
040 |c Pontificia Universidad Católica de Valparaíso 
082 0 4 |a 863.09  |b BAL  |2 21 
100 0 |a Balbín, Rafael María de  |e author  |9 378230 
245 1 0 |a Tres autores neoclásicos: Cadalso, Jovellanos y L. F. Moratín 
260 |a Madrid  |b Cincel  |c 1981 
300 |a 80 p 
490 0 |a Cuadernos de Estudio. Serie Literatura, 12 
583 |a last modification  |c 19970117 00:00:00  |k Rodrigo Vera 
600 0 7 |a CADALSO, JOSE DE  |2 CL-VaPUC  |9 315723 
600 0 7 |a Jovellanos, Gaspar Melchor de  |d 1744-1811  |9 858490 
600 0 7 |a FERNANDEZ DE MORATIN, LEANDRO  |2 CL-VaPUC  |9 321783 
650 0 |a Literatura española  |9 306261 
650 0 |a Poesía española  |9 264938 
650 0 |a Teatro español  |9 265077 
650 7 |a PROSA ESPAÑOLA  |2 CL-VaPUC  |9 321304 
650 0 |a Crítica literaria   |9 269189 
650 0 |a Crítica e interpretación   |9 255042 
852 |a BIBCUR 
942 |c BK  |2 ddc 
945 |d 19970117 00:00:00  |a rleighto 
952 |0 0  |1 0  |4 0  |6 863_090000000000000_BAL_1981  |7 0  |8 A  |9 278435  |a BIBEDU  |b BIBEDU  |d 2019-11-19  |i 3269655  |o 863.09 BAL 1981  |p 3269655  |r 2019-11-19  |w 2019-11-19  |y BK  |k LIT